00823cam a22002653a 450000100060000000300060000600500170001200800410002904000150007004200070008505000070009210000220009924500650012126000290018650600300021551600200024565300380026565300390030365300320034265300420037465300380041665300320045483000290048685600420051523195PGUSA20140828083508.0071025s2007||||xxu|||||s|||||000 1 eng d aPGUSAbeng adc 4aPZ1 aVaders, Henrietta10aWikkey :bA Scraph[electronic resource] /cHenrietta Vaders bProject Gutenberg,c2007 aPublic domain in the USA. aElectronic text aSick children -- Juvenile fiction aChristian life -- Juvenile fiction aCharity -- Juvenile fiction aChildren -- Death -- Juvenile fiction aPoor children -- Juvenile fiction aOrphans -- Juvenile fiction 0aProject Gutenbergv2319540uhttp://www.gutenberg.org/ebooks/23195